000 00567nam a2200181Ia 4500
008 090123s9999 xx 000 0 und d
082 _b6775
_a891.463/काळे
100 _aकाळे वैजयंती वामन
245 _aमदहोश
250 _a1
260 _bराजेंद्र प्रकाशन
_c1982
300 _a235
600 _aकाळे वैजयंती वामन
630 _aमदहोश
700 _aकाळे वैजयंती वामन
730 _aमदहोश
942 _cBOOK
999 _c44840
_d44840